Sports Quiz

Random Sports or Africa Quiz

African Player of the Year award Quiz Stats

 Plays Quiz not verified by Sporcle

Challenge
Share
Tweet
Embed
Score 0/25 Timer 10:00
0 Plays Today
Year Player % Correct
2011Yaya Touré
98.4%
2012Yaya Touré
98.4%
2013Yaya Touré
98.4%
2014Yaya Touré
98.4%
2016Riyad Mahrez
95.1%
2003Samuel Eto'o
91.8%
2004Samuel Eto'o
91.8%
2005Samuel Eto'o
91.8%
2006Didier Drogba
91.8%
2010Samuel Eto'o
91.8%
2009Didier Drogba
91.8%
2015Pierre-Emerick Aubameyang
91.8%
1995George Weah
80.3%
Year Player % Correct
2008Emmanuel Adebayor
73.8%
1996Nwankwo Kanu
62.3%
1999Nwankwo Kanu
62.3%
2007Frédéric Kanouté
60.7%
2001El Hadji Diouf
59%
2002El Hadji Diouf
59%
1992Abedi Pele
54.1%
1997Victor Ikpeba
36.1%
1998Mustapha Hadji
36.1%
1993Rashidi Yekini
31.1%
2000Patrick M'Boma
31.1%
1994Emmanuel Amunike
29.5%

You're not logged in!

Compare scores with friends on all Sporcle quizzes.
OR
Log In

You Might Also Like...

Show Comments

Extras

Created Jan 4, 2018ReportNominate
Tags:Africa Quiz, award, player, team

Top Quizzes Today


Score Distribution

Your Account Isn't Verified!

In order to create a playlist on Sporcle, you need to verify the email address you used during registration. Go to your Sporcle Settings to finish the process.

Report this User

Report this user for behavior that violates our Community Guidelines.

Details: